Kľúčové poznatky a schopnosti v európskopm a medzinárodnom obchodnom práve - pohľad zamestnávateľov
Výskum kľúčových poznatkov a schopností v európskom a medzinárodnom obchodnom práve pre študijný program Medzinárodné podnikanie na Obchodnej fakulte Ekonomickej univerzity v Bratislave, ktorý nadväzuje na dlhodobý výskum týkajúci sa uplatnenia absolventov v praxi. Charakteristika vzorky prieskumu a...
Guardado en:
| Autor principal: | |
|---|---|
| Formato: | Capítulo de libro |
| Lenguaje: | eslovaco |
| Materias: | |
| Etiquetas: |
Sin Etiquetas, Sea el primero en etiquetar este registro!
|
MARC
| LEADER | 00000nla a2200000 4500 | ||
|---|---|---|---|
| 001 | 0211236 | ||
| 005 | 20240502083527.6 | ||
| 041 | 0 | |a slo | |
| 044 | |a CZ | ||
| 245 | 1 | 0 | |a Kľúčové poznatky a schopnosti v európskopm a medzinárodnom obchodnom práve - pohľad zamestnávateľov |c Zuzana Kittová |
| 520 | |a Výskum kľúčových poznatkov a schopností v európskom a medzinárodnom obchodnom práve pre študijný program Medzinárodné podnikanie na Obchodnej fakulte Ekonomickej univerzity v Bratislave, ktorý nadväzuje na dlhodobý výskum týkajúci sa uplatnenia absolventov v praxi. Charakteristika vzorky prieskumu a štruktúry vzorky. Uplatnenie absolventov študijného odboru Medzinárodné podnikanie. Relevantnosť a obsah predmetu EMOP. Možnosti zlepšenia uplatniteľnosti absolventov v praxi a ich využívanie. | ||
| 610 | 2 | 0 | |a vzdelávanie vysokoškolské |
| 610 | 2 | 0 | |a univerzity |
| 610 | 2 | 0 | |a absolventi |
| 610 | 2 | 0 | |a právo obchodné |
| 610 | 2 | 0 | |a právo medzinárodné |
| 610 | 2 | 0 | |a trh práce |
| 610 | 2 | 0 | |a zamestnávatelia |
| 610 | 2 | 0 | |a výskum |
| 100 | 1 | |a Kittová, Zuzana, 1975- | |